00824nam a2200193 a 450000100100000000500170001000800410002704000250006804100130009310000410010624501010014726000480024830000270029659000750032365100260039870000390042495201500046399900170061300003572720200930074550.0111109s1941 ag a 000 0 spa d aDO-SdBNPbspacBNPHU17aspahita1 aFerrero, Guglielmo,d1871-19429816210aNueva historia romana /cGuillermo Ferrero ; puesta en lengua española por Ricardo A. Caminos. aBuenos Aires :bLibrería Hachette,c1941. a389 p :bil. ;c21 cm. aPerteneció a la biblioteca personal de Juan Isidro Jimenes Grullón 4aRomaxHistoria9108621 aCaminos, Ricardo A.,etrad.961660 0010507-18MOaGRbGRcOId2011-11-09iLF1l0o p35727-10r2020-06-25w2020-06-25y1zBiblioteca Juan Isidro Jiménes GrullónZNo se presta c35218d35218